000 00667nam a2200217Ia 4500
003 BUBTL
008 151213s9999 xx 000 0 und d
020 _a0070603480
082 _a658.56/ L5283p/ 2005
100 _aLehmann, Donald R.
_91511
245 _aProduct Management
_cDonald R. Lehman and Russell s. Winer
250 _a4th
260 _aNew Delhi
_bTata Mc Graw Hill Publishing Company Limited
_cc2005
300 _a[xv], 494p . :
_bill. Graph ; 22cm .
500 _aIncludes Index .
650 _aManagement
700 _aDonald R. Lehman / Russells. Winer
856 _k0
_l0
_yDownload
942 _2ddc
_cBK
999 _c4761
_d4761